Score 0/16 Timer 04:00
0 Plays Today
% Correct
The Simpsons
95.7%
Dexter
93.4%
Family Guy
92.8%
The Walking Dead
90.7%
Game of Thrones
82.4%
Stranger Things
74.8%
The Sopranos
70.3%
Community
67%
% Correct
The Office
66.9%
Lost
64.5%
Breaking Bad
63.1%
Vikings
60.9%
Mad Men
52.4%
The Umbrella Academy
45.8%
True Blood
42.7%
Barry
35.2%
Remove Ads.
Support Sporcle.
Get the best of Sporcle when you Go Orange. This ad-free experience offers more features, more stats, and more fun while also helping to support Sporcle. Thank you for becoming a member.

You're not logged in!

Compare scores with friends on all Sporcle quizzes.
OR
Log In

Sporcle TV

Today on Sporcle TV


Watch our educational content, quiz creation guides, and fun videos on Sporcle TV.

Show Comments

Extras

Top Quizzes Today


Score Distribution

Paid Content

Your Account Isn't Verified!

In order to create a playlist on Sporcle, you need to verify the email address you used during registration. Go to your Sporcle Settings to finish the process.

Report this User

Report this user for behavior that violates our Community Guidelines.

Details: